Catálogo

Vista normal Vista MARC

Entrada Personal Name

Número de registros utilizados en: 1

001 - CONTROL NUMBER

  • control field: 16263

003 - CONTROL NUMBER IDENTIFIER

  • control field: DLC

005 - DATE AND TIME OF LATEST TRANSACTION

  • control field: 20240927125430.0

008 - FIXED-LENGTH DATA ELEMENTS

  • fixed length control field: 930419n| acannaabn |a aaa

010 ## - LIBRARY OF CONGRESS CONTROL NUMBER

  • LC control number: n 93035660

035 ## - SYSTEM CONTROL NUMBER

  • System control number: (OCoLC)oca03356047

040 ## - CATALOGING SOURCE

  • Original cataloging agency: DLC
  • Language of cataloging: spa
  • Transcribing agency: Mx-PuUPA
  • Modifying agency: OCoLC
  • Modifying agency: Mx-PuUPA
  • Description conventions: rda

100 1# - HEADING--PERSONAL NAME

  • Personal name: Pavón Rodríguez, Víctor M.,

374 ## - OCCUPATION

  • Occupation: Autor

375 ## - GENDER

  • Gender: hombre

377 ## - ASSOCIATED LANGUAGE

  • Language code: spa

400 1# - SEE FROM TRACING--PERSONAL NAME

  • Personal name: Rodríguez, Víctor M. Pavón

670 ## - SOURCE DATA FOUND

  • Source citation: Instrumentación sísmica y uso de elementos disipadores ... c1990:
  • Information found: cover (Víctor M. Pavón Rodríguez)

670 ## - SOURCE DATA FOUND

  • Source citation: Guía para el análisis y diseño sísmico de las estructuras de concreto reforzado para contener líquidos, 2015:
  • Information found: cover (Víctor M. Pavón Rodríguez)